000 01186cam a2200229 i 4500
999 _c13956
_d13956
020 _a9781338274561
020 _a9780062445827
082 _aFic Ar641 2017
100 1 _aArnold, Elana K.
245 1 2 _aA boy called Bat /
_cwritten by Elana K. Arnold ; with pictures by Charles Santoso.
260 _aNew York, NY :
_bScholastic Inc.,
_cc2017.
300 _a198 pages :
_billustrations ;
_c21 cm
337 _aunmediated
520 _aFor Bixby Alexander Tam (nicknamed Bat), life tends to be full of surprises -- some of them good, some not so good. Today, though, is a good-surprise day. Bat's mom, a veterinarian, has brought home a baby skunk, which she needs to take care of until she can hand him over to a wild-animal shelter. But the minute Bat meets the kit, he knows they belong together. And he's got one month to show his mom that a baby skunk might just make a pretty terrific pet.
526 _aFICTION
650 0 _aAutism--Juvenile fiction.
650 0 _aSkunks as pets--Juvenile fiction.
650 0 _aWildlife rehabilitation--Juvenile fiction.
650 0 _aHuman-animal relationships--Juvenile fiction.
700 1 _aSantoso, Charles.
942 _2ddc
_cBK